Gaming Quiz

Random Gaming or Color Quiz
Score 0/10 Timer 02:00
0 Plays Today
Game of First Appearance Rupee % Correct
The Legend of ZeldaBlue Rupee
100%
The Legend of Zelda: A Link to the PastGreen Rupee
99.2%
The Legend of Zelda: A Link to the PastRed Rupee
98.5%
The Legend of Zelda: Ocarina of TimePurple Rupee
95.4%
The Legend of Zelda: Wind WakerYellow Rupee
94.6%
The Legend of Zelda: Wind WakerSilver Rupee
90.8%
The Legend of ZeldaOrange Rupee
89.2%
The Legend of Zelda: Phantom HourglassGold Rupee
89.2%
The Legend of Zelda: Phantom HourglassRupoor
80%
The Legend of Zelda: Ocarina of TimeHuge Rupee
29.2%
Remove Ads.
Support Sporcle.
Get the best of Sporcle when you Go Orange. This ad-free experience offers more features, more stats, and more fun while also helping to support Sporcle. Thank you for becoming a member.

You're not logged in!

Compare scores with friends on all Sporcle quizzes.
OR
Log In

Show Comments

Extras

Top Quizzes Today


Score Distribution

Your Account Isn't Verified!

In order to create a playlist on Sporcle, you need to verify the email address you used during registration. Go to your Sporcle Settings to finish the process.

Report this User

Report this user for behavior that violates our Community Guidelines.

Details: